Statistiques concernant Choisissez une image - Instruments de musique

Cliquez ici pour prendre le quiz!

Statistiques générales

  • Ce quiz a été pris 10 258 fois
  • Le résultat moyen est 10 sur 14

Statistiques - réponses

QuestionRéponse% Correct
Lequel d’entre eux est un accordéon?
98%
Lequel d’entre eux est un ukulélé?
93%
Lequel d’entre eux est un trombone?
90%
Lequel d’entre eux est un ocarina?
86%
Lequel d’entre eux est un violoncelle?
83%
Lequel d’entre eux est une clarinette?
80%
Lequel d’entre eux est une vielle à roue?
74%
Lequel d’entre eux est un clavecin?
73%
Lequel d’entre eux est un didgeridoo?
68%
Lequel d’entre eux est une cabasa?
63%
Lequel d’entre eux est un kalimba?
61%
Lequel d’entre eux est une balalaïka?
41%
Lequel d’entre eux est un glockenspiel?
32%
Lequel d’entre eux est un steelpan?
24%

Distribution des résultats

Percentile par nombre de réponses

% des personnes avec chaque résultat

Votre développement - résultats

Vous n’avez pas pris ce quiz